| 000 | 00349nam a2200133Ia 4500 | ||
|---|---|---|---|
| 005 | 20251222141901.0 | ||
| 008 | 251222s9999||||xx |||||||||||||| ||spa|| | ||
| 020 | _a958-20-0392-8 | ||
| 082 | _a372.65/R78 | ||
| 100 | _aRojas Bernal, Leyla María | ||
| 245 | 0 | _aCómo Aprenden los Niños una Lengua Extranjera | |
| 264 | _bMagisterio | ||
| 942 | _cLIB | ||
| 999 |
_c8069 _d8069 |
||